Didaktika účtovníctva C

Gespeichert in:
Bibliographische Detailangaben
1. Verfasser: Šlosár, Rudolf
Körperschaft: Ekonomická univerzita v Bratislave. Národohospodárska fakulta
Weitere Verfasser: Novák, Jaromír, 1978-, Máziková, Katarína, Horáčková, Alena
Format: Buch
Sprache:Slowakisch
Veröffentlicht: Bratislava Vydavateľstvo EKONÓM 2016
Ausgabe:2. preprac. a dopl. vyd.
Schlagworte:
Tags: Tag hinzufügen
Keine Tags, Fügen Sie das erste Tag hinzu!

MARC

LEADER 00000nam$a2200000$$$4500
001 0221764
005 20240502073634.4
020 |a 978-80-225-4264-7 
041 0 |a slo 
044 |a SK 
245 1 0 |a Didaktika účtovníctva C  |c Rudolf Šlosár, Jaromír Novák ; recenzentky: Katarína Máziková, Alena Horáčková 
250 |a 2. preprac. a dopl. vyd. 
264 1 |a Bratislava  |b Vydavateľstvo EKONÓM  |c 2016 
300 |a 278 s. [18,25 AH] 
610 2 0 |a účtovníctvo 
610 2 0 |a didaktika 
610 2 0 |a účtovníctvo jednoduché 
610 2 0 |a účtovanie 
610 2 0 |a kalkulácia 
610 2 0 |a rozpočtovníctvo 
610 2 0 |a účtovníctvo vnútropodnikové 
610 2 0 |a analýza finančná 
610 2 0 |a organizácie rozpočtové 
610 2 0 |a organizácie príspevkové 
610 2 0 |a štandardy účtovné americké 
610 2 0 |a štandardy účtovné medzinárodné 
610 2 0 |a predmety učebné 
100 1 |a Šlosár, Rudolf 
700 1 |a Novák, Jaromír, 1978- 
700 1 |a Máziková, Katarína 
700 1 |a Horáčková, Alena 
710 2 |a Ekonomická univerzita v Bratislave. Národohospodárska fakulta